|
|
|
|
| LEADER |
00000cam a22000004a 4500 |
| 001 |
musev2_61485 |
| 003 |
MdBmJHUP |
| 005 |
20230905050334.0 |
| 006 |
m o d |
| 007 |
cr||||||||nn|n |
| 008 |
181006s2018 miu o 00 0 eng d |
| 020 |
|
|
|a 9781609175825
|
| 020 |
|
|
|z 9781628963472
|
| 020 |
|
|
|z 9781611863031
|
| 020 |
|
|
|z 9781628953473
|
| 035 |
|
|
|a (OCoLC)1056073278
|
| 040 |
|
|
|a MdBmJHUP
|c MdBmJHUP
|
| 100 |
1 |
|
|a Tanner, Howard A.,
|e author.
|
| 245 |
1 |
0 |
|a Something Spectacular :
|b My Great Lakes Salmon Story /
|c Howard A. Tanner.
|
| 264 |
|
1 |
|a East Lansing :
|b Michigan State University Press,
|c [2019]
|
| 264 |
|
3 |
|a Baltimore, Md. :
|b Project MUSE,
|c 2019
|
| 264 |
|
4 |
|c ©[2019]
|
| 300 |
|
|
|a 1 online resource (288 pages).
|
| 336 |
|
|
|a text
|b txt
|2 rdacontent
|
| 337 |
|
|
|a computer
|b c
|2 rdamedia
|
| 338 |
|
|
|a online resource
|b cr
|2 rdacarrier
|
| 505 |
0 |
|
|a Intro; Contents; Foreword, by John L. Hesse; Acknowledgments; Introduction; Developing a Firm Foundation; Growing Up with the Fishes; The "Greatest Generation" Goes to War; Building the Educational Framework; Professional Practitioner; The Great Lakes Context; The Inland Seas; Human History and the Great Lakes Fishery; Fisheries Management; Michigan Matters; Meanwhile in Michigan; Returning to Michigan; Commercial Fishing; The Great Lakes Fishery Commission; Tribal Fishing Rights; Fishes of the Great Lakes; Lake Trout; Sea Lamprey; Alewife; Salmon; Introducing Coho; The Call; A New Day Dawns.
|
| 505 |
0 |
|
|a Supporting and Opposing ForcesEggs from Oregon; The Hatchery Situation; Preparing to Launch; Financial Challenges; Making the Case; New Personnel; The First Release; April 2, 1966-the Official Beginning; The Summer of 1966; The Jack Run; Promise Fulfilled; Alewives Reprise; The Dream Come True and a Nightmare; Swimming Upstream; Sustaining the Excitement; Further Developments; Stewardship and Contaminants; Economics; Conclusion; Notes; Index.
|
| 588 |
|
|
|a Description based on print version record.
|
| 650 |
|
7 |
|a Coho salmon fishing.
|2 fast
|0 (OCoLC)fst00866606
|
| 650 |
|
7 |
|a Coho salmon fisheries.
|2 fast
|0 (OCoLC)fst00866603
|
| 650 |
|
7 |
|a BIOGRAPHY & AUTOBIOGRAPHY
|x General.
|2 bisacsh
|
| 650 |
|
6 |
|a Saumon coho
|x Pêche commerciale
|z Grands Lacs (Amerique du Nord)
|
| 650 |
|
0 |
|a Coho salmon fisheries
|z Great Lakes (North America)
|
| 650 |
|
0 |
|a Coho salmon fishing
|z Great Lakes (North America)
|
| 651 |
|
7 |
|a Great Lakes.
|2 fast
|0 (OCoLC)fst01240563
|
| 655 |
|
7 |
|a Electronic books.
|2 local
|
| 710 |
2 |
|
|a Project Muse.
|e distributor
|
| 830 |
|
0 |
|a Book collections on Project MUSE.
|
| 856 |
4 |
0 |
|z Texto completo
|u https://projectmuse.uam.elogim.com/book/61485/
|
| 945 |
|
|
|a Project MUSE - Custom Collection
|
| 945 |
|
|
|a Project MUSE - 2019 Complete
|
| 945 |
|
|
|a Project MUSE - 2019 US Regional Studies, Midwest
|